Vanausadhi darpana / (Record no. 208616)

MARC details
000 -LEADER
fixed length control field 00682nam a22002057a 4500
005 - DATE AND TIME OF LATEST TRANSACTION
control field 20250120153038.0
010 ## - LCCN (DPL NO)
LC control number ENG-143437
020 ## - INTERNATIONAL STANDARD BOOK NUMBER
Terms of availability 1800.00
International Standard Book Number 9788195972265
035 ## - SYSTEM CONTROL NUMBER
System control number EN-126969
037 ## - SOURCE OF ACQUISITION
Source of stock number/acquisition DBAD
082 ## - DEWEY DECIMAL CLASSIFICATION NUMBER
Classification number 615.53
100 ## - MAIN ENTRY--PERSONAL NAME
Personal name Kavyatirtha, Virajacarana Gupta
Dates associated with a name 2023
245 ## - TITLE STATEMENT
Title Vanausadhi darpana /
Statement of responsibility, etc Kavyatirtha, Virajacarana Gupta
260 ## - PUBLICATION, DISTRIBUTION, ETC. (IMPRINT)
Name of publisher, distributor, etc The Asiatic Society
Date of publication, distribution, etc 2023
Place of publication, distribution, etc Kolkata
270 ## - ADDRESS
Address The Asiatic Society 1, Park Street
City Kolkata
Postal code 700001
300 ## - PHYSICAL DESCRIPTION
Extent 431p.
Dimensions 25 cm (pbk)
500 ## - GENERAL NOTE
General note Rilision book
700 ## - ADDED ENTRY--PERSONAL NAME
Personal name Edited by Brahmananda gupta and Abichal Chattopadhyay
9 (RLIN) 76737
Numeration Edited
942 ## - ADDED ENTRY ELEMENTS (KOHA)
Source of classification or shelving scheme Dewey Decimal Classification
Item type English Books
Classification part 615.53
Call number suffix Kav
Holdings
Withdrawn status Lost status Not for loan Collection code Home library Current library Date acquired Source of acquisition Cost, normal purchase price Full call number Barcode Copy number Cost, replacement price Koha item type
      Non-fiction Central Library Central Library 20/01/2025 DBAD 1800.00 615.53 KAV EN-126969 1 1800.00 English Books

© Delhi Public Library
Hit Counter
free hit counter